00493nam a2200205Ia 4500003000400000005001700004008004100021020001400062040000700076041000800083082001900091100001800110245003400128250000600162260005200168300001800220365001300238650001400251650002200265OSt20230412124248.0210423s2009 xx 000 0 und d a818052244 cAL aeng a330223b AGAH aAGARWAL (H S) aTextbook of economic analysis a9 aNew DelhibAffiliated East West Press Ltdc2009 axxvi,1233bPB b325cINR aEconomics aPolitical Science